Statistics for All Mortal Kombat Characters

Click here to take the quiz!

General Stats

  • This quiz has been taken 3,698 times
  • The average score is 34 of 65

Answer Stats

HintAnswer% Correct
Yellow Spectre of the NetherrealmScorpion
96%
The Thunder GodRaiden
93%
The Grandmaster of the Lin KueiSub-Zero
93%
Green Ninja servanr of OutworldReptile
90%
Arrogant ActorJohnny Cage
89%
Lady of Special ForcesSonya
88%
Four armed ShokanGoro
87%
Mortal Kombat ChampionLiu Kang
87%
He has a laser eyeKano
86%
Metal Armed WarriorJax
84%
Blue Edenian PrincessKitana
84%
Tarkatan WarriorBaraka
81%
Grey Lin Kuei assassinSmoke
80%
Shaolin MonkKung Lao
78%
Shape-Shifting SorcererShang Tsung
78%
Green Edenian WarriorJade
77%
Cross breed sister of the princessMileena
76%
Yellow assassin of the lin kueiCyrax
75%
Formerly known as the Grand-Master, now EvilNoob Saibot
72%
Fusion of SoulsErmac
70%
Red cyborg of the Lin KueiSektor
68%
The Emperor of OutworldShao Kahn
67%
He has enhanced speedKabal
66%
Netherrealm SorcererQuan Chi
66%
Prince of EdeniaRain
65%
Beautiful Queen of EdeniaSindel
64%
Blind SwordsmanKenshi
62%
Four armed, "tiger like," ShokanKintaro
59%
South American Apache WarriorNightwolf
59%
Bodyguard to a queenSheeva
59%
Earthrealm Police OfficerStryker
59%
Fallen Elder GodShinnok
54%
CentaurMotaro
52%
Earthrealm Martial Arts TeacherBo' Rai Cho
49%
Yellow Lady assassin with invisiblityTanya
47%
"Skinned" ExperimentMeat
45%
The Dragon KingOnaga
42%
Shrouded in FlamesBlaze
41%
The Grandmaster's ApprenticeFrost
41%
Red Warrior with a blood-lustSkarlet
39%
Cyborg of the GrandmasterCyber Sub-Zero
36%
Green Saurian NinjaChameleon
34%
Made to protect an amuletFujin
34%
Martial Arts StuntsmanMokap
31%
Released the Dragon KingShujinko
30%
Good son of Argus and DeliaTaven
30%
Hot blooded member of the Black Dragon ClanKobra
29%
VampireNitara
29%
Cleric of ChaosHavik
28%
Last female SaurianKhameleon
28%
Evil son of Argus and DeliaDaegon
27%
Larger Oni WarriorMoloch
27%
Survived the war against the elder godsReiko
26%
Netherrealm DemonAshrah
25%
Once a member of the White Lotus SocietyKai
25%
Bald warrior with GauntletsDarrius
24%
Smaller Oni AssassinDrahmin
24%
Cybernetic Implant for a heartHsu Hao
24%
First recruit of the new Black Dragon ClanKira
24%
He has grappling hooksMavado
24%
General of SeidoHotaru
23%
Freed from a detention facilityJarek
23%
Earthrealm Martial Arts StudentLi Mei
23%
Formerly evil servant of a sorcererSareena
21%
Seidan GuardDairou
19%

Score Distribution

Percentile by Number Answered

Percent of People with Each Score

Your Score History

You have not taken this quiz